The noble scholar, jurist, historian


 His Excellency Dr. Abdul Wahhab bin Ibrahim Abu Sulaiman, may Allah have mercy on him.


 He was born in Umm Al-Qura in the year 1356 AH.

إحكام الأحكام على تحفة الحكام للعلامة محمد بن يوسف الكافي على منظومة القضاة من أحكام في مذهب الإمام مالك رضي الله عنه / (Record no. 10554)

MARC details
000 -LEADER
fixed length control field 01581cam a2200301 i 4500
003 - CONTROL NUMBER IDENTIFIER
control field SA-RiAUC
005 - DATE AND TIME OF LATEST TRANSACTION
control field 20250805063237.0
008 - FIXED-LENGTH DATA ELEMENTS--GENERAL INFORMATION
fixed length control field 250802s1994 le g 00000 ara c
040 ## - CATALOGING SOURCE
Original cataloging agency SA-RiAUC
Language of cataloging ara
Transcribing agency SA-RiAUC
Description conventions rda
082 04 - DEWEY DECIMAL CLASSIFICATION NUMBER
Classification number 257.5
090 ## - LOCALLY ASSIGNED LC-TYPE CALL NUMBER (OCLC); LOCAL CALL NUMBER (RLIN)
Classification number (OCLC) (R) ; Classification number, CALL (RLIN) (NR) 257.5
Local cutter number (OCLC) ; Book number/undivided call number, CALL (RLIN) ك ا ف
100 1# - MAIN ENTRY--PERSONAL NAME
Personal name الكافي، محمد بن يوسف بن محمد،
Dates associated with a name 1861-1960
Relator term مؤلف.
245 10 - TITLE STATEMENT
Title إحكام الأحكام على تحفة الحكام للعلامة محمد بن يوسف الكافي على منظومة القضاة من أحكام في مذهب الإمام مالك رضي الله عنه /
Statement of responsibility, etc. شرح وتعليق لأبي بكر محمد بن محمد بن عاصم الأندلسي الغرناطي، مأمون بن محيي الدين الجنان.
250 ## - EDITION STATEMENT
Edition statement الطبعة الأولى.
264 #1 - PRODUCTION, PUBLICATION, DISTRIBUTION, MANUFACTURE, AND COPYRIGHT NOTICE
Place of production, publication, distribution, manufacture بيروت :
Name of producer, publisher, distributor, manufacturer دار الكتب العلمية،
Date of production, publication, distribution, manufacture, or copyright notice 1994
300 ## - PHYSICAL DESCRIPTION
Extent 310 صفحة؛
Dimensions 24 سم.
336 ## - CONTENT TYPE
Content type term نص
Content type code txt
Source rdacontent
Materials specified كتاب
337 ## - MEDIA TYPE
Media type term بدون وسيط
Media type code n
Source rdamedia
338 ## - CARRIER TYPE
Carrier type term مجلد
Carrier type code nc
Source rdacarrier
650 #7 - SUBJECT ADDED ENTRY--TOPICAL TERM
Topical term or geographic name entry element القضاء في الإسلام
Source of heading or term aucsh
650 #7 - SUBJECT ADDED ENTRY--TOPICAL TERM
Topical term or geographic name entry element القضاء في الإسلام
Source of heading or term aucsh
700 1# - ADDED ENTRY--PERSONAL NAME
Personal name ابن عاصم، محمد بن محمد بن محمد (الأب)،
Dates associated with a name 760-829 هجري
Relator term شارح.
700 1# - ADDED ENTRY--PERSONAL NAME
Personal name الجنان، مأمون بن محيي الدين
Relator term شارح.
740 02 - ADDED ENTRY--UNCONTROLLED RELATED/ANALYTICAL TITLE
Uncontrolled related/analytical title تحفة الحكام.
740 0# - ADDED ENTRY--UNCONTROLLED RELATED/ANALYTICAL TITLE
Uncontrolled related/analytical title منظومة القضاة من أحكام في مذهب الإمام مالك رضي الله عنه. .
942 ## - ADDED ENTRY ELEMENTS (KOHA)
Source of classification or shelving scheme Dewey Decimal Classification
Koha item type Books
Suppress in OPAC No
949 ## - LOCAL PROCESSING INFORMATION (OCLC)
a SA-JeALM
d 250802
u mohamedma123
n 1
Holdings
Withdrawn status Lost status Source of classification or shelving scheme Damaged status Not for loan Home library Current library Date acquired Total checkouts Full call number Barcode Date last seen Price effective from Koha item type
    Dewey Decimal Classification     DR AbdElwahab Library DR AbdElwahab Library 08/05/2025   257.5 ك ا ف 000017223 08/05/2025 08/05/2025 Books
    Dewey Decimal Classification     DR AbdElwahab Library DR AbdElwahab Library 08/15/2025   257.5 ك ا ف 000017536 08/15/2025 08/15/2025 Books